| 000 | 00404pam a2200157 a 4500 | ||
|---|---|---|---|
| 020 | _a0070561702 | ||
| 040 | _cDLC | ||
| 082 | 0 | 0 | _a338 HIL 1991 A074 Or. |
| 100 | 1 | _aSchiller, Bradley R., | |
| 245 | 1 | 4 | _aThe micro economy today / |
| 250 | _a5th ed. | ||
| 260 |
_aNew York : _bMcGraw-Hill, _cc1991. |
||
| 300 |
_axxvii, 591 p. : _bill. (some col.) ; _c26 cm. |
||
| 650 | 0 | _aMicroeconomics. | |
| 942 | _cEK | ||
| 999 |
_c15119 _d15119 |
||